| 000 | 00621cam a2200217 a 4500 | ||
|---|---|---|---|
| 001 | 3788052 | ||
| 005 | 20180124075342.0 | ||
| 008 | 841205s1985 nyua b 001 0 eng | ||
| 010 | _a 84026440 | ||
| 020 | _a0030698812 (alk. paper) | ||
| 040 |
_aDLC _cDLC _dDLC |
||
| 041 | _aeng | ||
| 080 | _a304.660951 sun | ||
| 082 | 0 | 0 |
_a304.660951 sun _219 |
| 100 | 1 | _a16 | |
| 101 | _ahis | ||
| 245 | 1 | 0 |
_aPopulation control in China : _cJian Song, Chi-Hsien Tuan, Jing-Yuan Yu. |
| 504 | _aBibliography: p. 287-291. | ||
| 906 |
_a7 _bcbc _corignew _d1 _eocip _f19 _gy-gencatlg |
||
| 942 |
_2ddc _cBK |
||
| 999 |
_c40866 _d40866 |
||